000 00625nam a2200217Ia 4500
001 8582
003 GE_BSU
008 181216s||||||||xx |||||||||||||| ||und||
040 _cGE_BSU
245 _aГенетика.Том 49,№11 ноябрь 2013
245 _bЕжемесячный журнал.
245 _cгл. ред. С.В.Шестаков,идр.
260 _aМосква
260 _bНаука
260 _c2013
300 _a1351стр.29см.
653 _aГенетика.Том 49,№11 ноябрь 2013
653 _aПериодика
653 _aპერიოდიკა
942 _cCR
999 _c41898
_d41898